000 01218nam a2200337Ia 4500
001 Z_6738
003 CHAP
005 20230829190324.0
008 220113s2014 xx 000 0 und d
010 _a170014
040 _cCHAP
090 _aTesis R366 2417
100 _aRamírez Mendoza, Mónica Itzel
_9129101
245 _aManejo integral de fincas de producción bovina en el trópico seco de Costa Rica /
_cMónica Itzel Ramírez Mendoza
260 _aMéxico :
_bEl autor,
_c2014
300 _a45 p
502 _aTesis (Ingeniero Agrónomo Especialista en Zootecnia) -- UACh, 2014 \ Dirección: Agustín Ruíz Flores; asesoría: Rodolfo Ramírez Valverde y Constantino Romero Márquez
650 _aBovino de carne
_9142800
650 _aCosta Rica
_9145794
650 _aCosta Rica
_xTrópico
_9145795
650 _aGanado bovino
_9138033
700 _a Ramírez Valverde, Rodolfo, asesor
_9144574
700 _a Romero Márquez, Constantino, asesor
_9144227
700 _aRuíz Flores, Agustín, director
_9144362
856 4 2 _uhttp://10.13.5.2/tesis/sist111257.pdf
_yDescargar PDF
901 _aTESIS R366 2417
902 _aA
910 _a2014
942 _c2
_2ddc
942 _c2
_2ddc
999 _c170014
_d170014